• 首页
  • 本馆介绍
  • 公告通知
  • 最新文献
  • 馆藏检索
  • 电子资源
  • 读者导购
  • 参考咨询
  • 我的图书馆
  • 登录
  • 详细信息显示
  • 放入我的书架
  • 预约/预借图书
  • 作者相关作品
  • 分类相关作品
  • 丛书相关作品
  • 出版社相关作品

书目信息

  • 表格格式
  • 工作单格式
  • 卡片格式
题名:
大分子自组装新编
    
 
作者: 刘世勇 著
分册:  
出版信息: 北京   科学出版社  2018
页数: xvii, 608页
开本: 25cm
丛书名: 21世纪科学版化学专著系列
单 册:
中图分类: O63
科图分类:
主题词: 超分子结构--Chao Fen Zi Jie Gou--化学
电子资源:
ISBN: 978-7-03-058583-7
000 01829nam 2200301 450
001 012001000039
005 20131104155137.0
010    @a978-7-03-058583-7@b精装@dCNY238.00
099    @aCAL 012018192794
100    @a20181213d2018 ekmy0chiy50 ea
101 0  @achi
102    @aCN@b110000
105    @aak a 000yy
106    @ar
200 1  @a大分子自组装新编@ADa Fen Zi Zi Zu Zhuang Xin Bian@d= Emerging trends in macromolecular self-assembly@f刘世勇等著@zeng
210    @a北京@c科学出版社@d2018
215    @axvii, 608页@c彩图@d25cm
225 2  @a21世纪科学版化学专著系列@A21 Shi Ji Ke Xue Ban Hua Xue Zhuan Zhu Xi Lie
300    @a国家科学技术学术著作出版基金资助出版
320    @a有书目和索引
330    @a大分子自组装属超分子化学和高分子科学的交叉学科,是当今化学和材料科学发展的前沿,也是孕育先进材料的摇篮。2006年该领域的第一本专著《大分子自组装》一经面世,即得到相关领域广大读者的青睐。近十多年以来,大分子自组装研究领域飞速发展,新理论、新方法、新技术、新应用层出不穷。本书集结大分子自组装领域前沿的科研人员,对这些新的研究成果进行详细介绍。全书共18章,主要内容包括嵌段共聚物在本体和溶液中的自组装、结晶驱动可控自组装、大分子自组装理论与模拟、仿生自组装、超分子识别自组装、自组装生物医用材料、受限空间自组装、层层自组装、超支化聚合物自组装、生物大分子自组装等。系统阐述了各类大分子自组装的基本方法、调控策略,并佐之以翔实的图表与文献报道,既瞄准大分子自组装领域的基础科学问题,也全面阐述大分子自组装技术在材料构筑与实际应用中的宏伟前景,对从事相关研究领域的科技工作者具有重要的参考价值和实际指导意义。
410  0 @12001 @a21世纪科学版化学专著系列
510 1  @aEmerging trends in macromolecular self-assembly@zeng
606 0  @a超分子结构@AChao Fen Zi Jie Gou@x化学
690    @aO63@v5
701  0 @a刘世勇@ALiu Shi Yong@4著
801  0 @aCN@b北京卓展文化@c20191020
905    @b1195136-7@dO63@e101@f2
    
    大分子自组装新编= Emerging trends in macromolecular self-assembly/刘世勇等著.-北京:科学出版社,2018
    xvii, 608页:彩图;25cm.-(21世纪科学版化学专著系列)
    国家科学技术学术著作出版基金资助出版
    
    ISBN 978-7-03-058583-7(精装):CNY238.00
    大分子自组装属超分子化学和高分子科学的交叉学科,是当今化学和材料科学发展的前沿,也是孕育先进材料的摇篮。2006年该领域的第一本专著《大分子自组装》一经面世,即得到相关领域广大读者的青睐。近十多年以来,大分子自组装研究领域飞速发展,新理论、新方法、新技术、新应用层出不穷。本书集结大分子自组装领域前沿的科研人员,对这些新的研究成果进行详细介绍。全书共18章,主要内容包括嵌段共聚物在本体和溶液中的自组装、结晶驱动可控自组装、大分子自组装理论与模拟、仿生自组装、超分子识别自组装、自组装生物医用材料、受限空间自组装、层层自组装、超支化聚合物自组装、生物大分子自组装等。系统阐述了各类大分子自组装的基本方法、调控策略,并佐之以翔实的图表与文献报道,既瞄准大分子自组装领域的基础科学问题,也全面阐述大分子自组装技术在材料构筑与实际应用中的宏伟前景,对从事相关研究领域的科技工作者具有重要的参考价值和实际指导意义。
●
相关链接 在E读中查询图书 在五车中查询图书 在当当中查询图书 在豆瓣中查询图书


正题名:大分子自组装新编     索取号:O63/101         预约/预借

序号 登录号 条形码 馆藏地/架位号 状态 备注
1 1195136   211951360   第二样本阅览室/ [索取号:O63/101] 在馆    
2 1195137   211951379   第三借阅区/ [索取号:O63/101] 在馆    
唐山师范学院图书馆 欢迎您!
大连网信软件有限公司© 版权所有